Pemilikan dan pentadbiran tanah adat 1800-1960

Bibliographic Details
Main Author: Nadzan Haron
Format: Book
Published: N.Sembilan : Kerajaan N.Sembilan , 1997
Subjects:

MARC

LEADER 00000cam a2200000 7i4500
001 0000027162
005 20161221.0
008 161212
020 |a 9839984950 
040 |a INS 
090 0 0 |a KPG2564   |b N32 1997 
100 1 |a Nadzan Haron 
245 1 0 |a Pemilikan dan pentadbiran tanah adat 1800-1960   |c Nadzan Haron 
260 |a N.Sembilan :   |b Kerajaan N.Sembilan ,   |c 1997 
300 |a 234p. ;   |c 24cm. 
650 0 |a land tenure (Adat law)   |z Malaysia   |z Kuala Pilah (Negeri Sembilan) 
650 0 |a Minangkabau (indonesian people)zMalaysia   |z Kuala Pilah (Negeri Sembilan)   |x Land tenure 
999 |a 0000022314   |b BOOK   |c Open Shelf   |e Default branch